Statistics for History of Finland

Click here to take the quiz!

General Stats

  • This quiz has been taken 83 times
  • The average score is 17 of 32

Answer Stats

YearHintAnswer% Correct
1550City of ________ is foundedHelsinki
90%
1995Finland joined the ________ _____European Union
89%
1939-1940The ______ War against the SovietsWinter
89%
1919K.J. Ståhlberg becomes the first _________ of FinlandPresident
88%
1999Finland started using the ____ as currencyEuro
86%
1863_______ finally became an official language in FinlandFinnish
86%
2008Former president Martti Ahtisaari became the first and only Finn to win a _____ prizeNobel
86%
1918The "White" Civil Guards and Red Guards fought in the Finnish _____ ___Civil War
81%
Late 1200sCity of _____ is foundedTurku
81%
1860The Finnish ______ became the official currency of FinlandMarkka
74%
1917The Finnish declaration of ____________ was voted by the parliamentIndependence
67%
1944-1945The _______ War against the NazisLapland
65%
1921League of Nations decided _____ should belong to Finland under autonomyÅland
60%
1941-1944The ____________ War against the SovietsContinuation
57%
1389______ Union is foundedKalmar
54%
1609City of ____ is foundedOulu
51%
1991Finland fell into a __________Depression
49%
2009The former Provinces were abolished and Finland was split into __ regions19
47%
1551______ ________ published his Finnish translation of the New TestamentMikael Agricola
47%
1917_______ RevolutionRussian
44%
1521The above collapsed and ______ ____ is now the king of SwedenGustav Vasa
36%
1278Novgorod gained control in _______Karelia
36%
1323Treaty of ________Nöteborg
36%
1835_______ is publishedKalevala
35%
1809The autonomous _____ _____ of Finland is founded under Russian ruleGrand Duchy
33%
1700-1721_____ ________ WarGreat Northern
28%
1955Finland joined the ______ CouncilNordic
26%
1899-1905 and 1908-1917The policy of _____________ of FinlandRussification
22%
1150sFirst Swedish _______Crusade
21%
1655-1660________ Wars were foughtNorthern
11%
1200sBishop ______ became the first known bishop of FinlandThomas
8%
1741-1742Lesser _____Wrath
8%

Score Distribution

Percentile by Number Answered

Percent of People with Each Score

Your Score History

You have not taken this quiz